Language and learning in multilingual classrooms : a practical approach
Αποθηκεύτηκε σε:
| Κύριος συγγραφέας: | |
|---|---|
| Μορφή: | Βιβλίο |
| Γλώσσα: | English |
| Δημοσίευση: |
Bristol :
Multilingual Matters,
2012
|
| Σειρά: | Parent's and teacher's guides ;
; 16 |
| Θέματα: | |
| Ετικέτες: |
Προσθήκη ετικέτας
Δεν υπάρχουν, Καταχωρήστε ετικέτα πρώτοι!
|
MARC
| LEADER | 00000nam a2200000 i 4500 | ||
|---|---|---|---|
| 001 | 1/24698 | ||
| 008 | 130118s2012 eng d | ||
| 020 | |a 978-1-84769-719-6 | ||
| 035 | |l 10113505 | ||
| 040 | |a GR-MY-UA |b gre |e aacr | ||
| 041 | 0 | |a eng | |
| 082 | 0 | |a 371.829 |2 (22) | |
| 100 | 1 | |a Coelho, Elizabeth. | |
| 245 | 1 | 0 | |a Language and learning in multilingual classrooms : |b a practical approach / |c Elizabeth Coelho |
| 260 | |a Bristol : |b Multilingual Matters, |c 2012 | ||
| 300 | |a 357 σ.; |b εικ., πιν.; |c 23 εκ. | ||
| 490 | 1 | |a Parents' and teachers' guides |v ; 16 | |
| 504 | |a Περιλαμβάνει βιβλιογραφικές παραπομπές και ευρετήριο | ||
| 650 | 0 | 0 | |a Linguistic minorities |x Education |z United States. |
| 650 | 0 | 0 | |a English language |x Study and teaching |z United States |x Foreign speakers. |
| 650 | 0 | 0 | |a Language and education |z United States. |
| 650 | 0 | 0 | |a Multiculturalism |z United States. |
| 830 | 0 | |a Parent's and teacher's guides ; |v ; 16 | |
| 852 | |a INST |b RHODES |e 20130118 |h 371.829 COE |p 005400034789 |q 005400034789 |t BK |y 0 | ||
| 901 | |a BIBL4-2013-1 | ||
| 909 | |a Ρ |b 177818 | ||
| 922 | |a 4ΕΛΗ |b 201210 |c ΤΑΚ/ΠΤΔΕ |d BEST BOOK HUNTERS | ||
| 970 | |z 2013/01/18 | ||